书目信息 |
| 题名: |
基于色彩艺术的绘画设计
|
|
| 作者: | 周云姗, 著 | |
| 分册: | ||
| 出版信息: | 长春 吉林美术出版社 2019 |
|
| 页数: | 248页 | |
| 开本: | 24cm | |
| 丛书名: | ||
| 单 册: | ||
| 中图分类: | J206.3 | |
| 科图分类: | ||
| 主题词: | 色彩--se cai--绘画技法 | |
| 电子资源: | ||
| ISBN: | 978-7-5575-3903-0 | |
| 000 | 01004nam0 2200265 450 | |
| 001 | 012001006476 | |
| 005 | 20131101162349.0 | |
| 010 | @a978-7-5575-3903-0@dCNY64.00 | |
| 099 | @aCAL 012019036442 | |
| 100 | @a20190309d2019 em y0chiy50 ea | |
| 101 | 0 | @achi |
| 102 | @aCN@b220000 | |
| 105 | @ak a 000yy | |
| 106 | @ar | |
| 200 | 1 | @a基于色彩艺术的绘画设计@Aji yu se cai yi shu de hui hua she ji@f周云姗著 |
| 210 | @a长春@c吉林美术出版社@d2019 | |
| 215 | @a248页@d24cm | |
| 314 | @a周云姗, 四川美术学院硕士研究生毕业, 获得硕士学位。 | |
| 320 | @a有书目 (第246-248页) | |
| 330 | @a本书共分为八章, 分别从光与色的认识、色彩的基础知识、色彩视觉技能与特征、色彩视知觉、绘画色彩结构、静物写生、风景写生以及绘画色彩发展过程与方向八方面研究探讨, 内容完整, 深入浅出, 对有关色彩艺术的绘画表现具有一定的指导意义。 | |
| 606 | 0 | @a色彩@Ase cai@x绘画技法 |
| 690 | @aJ206.3@v5 | |
| 701 | 0 | @a周云姗,@Azhou yun shan@f1984-@4著 |
| 801 | 0 | @aCN@b上海新华@c20191020 |
| 905 | @b1131670-3@dJ206.3@e1055@f4 | |
| 基于色彩艺术的绘画设计/周云姗著.-长春:吉林美术出版社,2019 |
| 248页;24cm |
| ISBN 978-7-5575-3903-0:CNY64.00 |
| 本书共分为八章, 分别从光与色的认识、色彩的基础知识、色彩视觉技能与特征、色彩视知觉、绘画色彩结构、静物写生、风景写生以及绘画色彩发展过程与方向八方面研究探讨, 内容完整, 深入浅出, 对有关色彩艺术的绘画表现具有一定的指导意义。 |
| ● |
| 相关链接 |
|
|
|
|
正题名:基于色彩艺术的绘画设计
索取号:J206.3/1055
 
预约/预借
| 序号 | 登录号 | 条形码 | 馆藏地/架位号 | 状态 | 备注 |
| 1 | 1131670 | 211316707 | 第一样本阅览室/ [索取号:J206.3/1055] | 在馆 | |
| 2 | 1131671 | 211316716 | 第一借阅区/ [索取号:J206.3/1055] | 在馆 | |
| 3 | 1131672 | 211316725 | 第一借阅区/ [索取号:J206.3/1055] | 在馆 | |
| 4 | 1131673 | 211316734 | 第一借阅区/ [索取号:J206.3/1055] | 在馆 |